LEADER 01299nam a2200265 i 4500 001 000000174467 003 CaOOAMICUS 005 20080915000000.0 008 080915s2002 it u000 u ita u 013 $a151943 020 $a88-307-1162-4 040 $aSeMil$bita 245 10$aInsieme prendere il largo :$bGli Istituti Missionari oggi in Italia: tra memoria e realtà. Forum Istituti Missionari 4-8 febbraio 2002 - Ariccia (Roma) 260 $aBologna :$bEditrice Missionaria Italiana,$ccopyr. 2002. 300 $a160 p. ;$c21 cm. 490 0 $aStrumenti di animazione missionaria 500 $aContiene : Appendici. 650 4$aIstituti missionari - Italia.$0(OLS)http://semarc/subject/22221 830 0$aStrumenti di animazione missionaria.$0(OLS)http://semarc/title/9994 850 $aSeMil 852 $aSeMil$W1$xVenegono$y1$m3E V 17$j125303$B125303$CSeMilBibl$Z2$F137958 $81 961 $aOmaggio: Paleari don Marco 996 $6020$a88-307-1162-4$9(OLS)http://semarc/number/162364 996 $6245$aInsieme prendere il largo :$bGli Istituti Missionari oggi in Italia: tra memoria e realtà. Forum Istituti Missionari 4-8 febbraio 2002 - Ariccia (Roma)$9(OLS)http://semarc/title/250067 996 $6260$aBologna :$bEditrice Missionaria Italiana$9(OLS)http://semarc/publisher/32722 LEADER 00887nam a2200205 4500 001 000000351125 003 CaOOAMICUS 005 20250320121112.0 008 220805s1986 it 000 u ita r 040 $aSeMil$bita 100 1 $aBanfi, Antonio,$d<1886-1957>.$0(OLS)http://semarc/name/2861 245 10$aOpere /$cAntonio Banfi. 264 1$aReggio nell'Emilia :$bIstituto Antonio Banfi ;$a[Bologna] :$bRegione Emilia-Romagna,$c1986- 300 $av. ;$c22 cm 500 $aPosseduto solo il vol. 13.1 774 0 $aBanfi, Antonio <1886-1957>$t13.1: Scritti e discorsi politici. 1, Scuola e società.$w()351126 996 $6245$aOpere$9(OLS)http://semarc/title/2208 996 $6264$aReggio nell'Emilia :$bIstituto Antonio Banfi$9(OLS)http://semarc/publisher/33843 996 $6264$a[Bologna] :$bRegione Emilia-Romagna$9(OLS)http://semarc/publisher/60547